[Event "Tradewise Gibraltar Masters 14th"]
[Site "Gibraltar"]
[Date "2016.01.29"]
[Round "4.32"]
[White "Sandipan, Chanda"]
[Black "Csonka, Balazs"]
[Result "1-0"]
[WhiteElo "2583"]
[BlackElo "2415"]
[PlyCount "117"]
[EventDate "2016.01.26"]
[EventType "swiss"]
[EventRounds "10"]
[EventCountry "GGB"]
[Source "www.saund.co.uk"]
[SourceDate "2005.02.07"]

1. d4 d5 2. c4 c6 3. Nf3 Nf6 4. Nc3 e6 5. e3 Nbd7 6. Qc2 Bd6 7. Bd3 O-O 8. O-O
dxc4 9. Bxc4 e5 10. h3 h6 11. Bb3 Re8 12. Rd1 Qc7 13. Nh4 exd4 14. exd4 Nf8 15.
Nf5 Bf4 16. d5 cxd5 17. Bxf4 Qxf4 18. Ne3 Be6 19. Nexd5 Nxd5 20. Nxd5 Bxd5 21.
Bxd5 Rac8 22. Qb3 b6 23. Re1 Nh7 24. g3 Qc7 25. Qf3 Nf6 26. Bb3 Kf8 27. Rxe8+
Rxe8 28. Rd1 Rd8 29. Rxd8+ Qxd8 30. Kg2 g6 31. Qf4 Kg7 32. Qe5 Qe8 33. Qxe8
Nxe8 34. Kf3 Nc7 35. Ke4 Kf6 36. f4 Ke7 37. Bc4 f6 38. b4 Kf8 39. h4 Kg7 40. h5
gxh5 41. Kf5 b5 42. Bb3 Na6 43. a3 Nb8 44. Bd5 Nd7 45. Bc6 Nb6 46. Bxb5 Nd5 47.
Be2 h4 48. gxh4 Ne7+ 49. Ke4 f5+ 50. Ke5 Ng6+ 51. Kxf5 Nxh4+ 52. Ke4 Kf6 53. a4
Nf5 54. Bg4 Ng3+ 55. Kd3 h5 56. Bh3 h4 57. Bg4 Ke7 58. a5 Kd6 59. b5 1-0

[Event "Tradewise Gibraltar Masters 14th"]
[Site "Gibraltar"]
[Date "2016.01.29"]
[Round "4.33"]
[White "Grigoriants, Sergey"]
[Black "Rydl, Jiri"]
[Result "1-0"]
[WhiteElo "2580"]
[BlackElo "2412"]
[Annotator "Saunders,John"]
[PlyCount "89"]
[EventDate "2016.01.26"]
[EventType "swiss"]
[EventRounds "10"]
[EventCountry "GGB"]
[Source "www.saund.co.uk"]
[SourceDate "2005.02.07"]

1. c4 e5 2. g3 Nf6 3. Bg2 h6 4. d3 Bb4+ 5. Nd2 O-O 6. Ngf3 Re8 7. a3 Bf8 8. b3
Nc6 9. Bb2 d6 10. O-O Bf5 11. e4 Bh7 12. b4 Nd7 13. Qb3 Be7 14. Bc3 Bf6 15. Qb2
a6 16. Rfe1 Bg6 17. Nf1 b5 18. Ne3 Nb6 19. Qa2 Qd7 20. Rac1 bxc4 21. Nxc4 Na4
22. Bd2 Bh5 23. Qc2 Ne7 24. Be3 Rab8 25. Nfd2 Bg4 26. Nb3 Be6 27. d4 exd4 28.
Nxd4 Bxd4 29. Bxd4 Rec8 30. Ba7 Rb7 31. Be3 Rbb8 32. Qd2 Ng6 33. f4 Qe8 34. Ba7
Rb7 35. Bf2 Rbb8 36. Rc2 Nf8 37. Ba7 Rb5 38. Bf2 Nd7 39. Rec1 Nb8 40. Ne3 Qd8
41. Qd3 Nb6 42. Bf1 Na4 43. e5 Nb6 44. f5 Bd7 45. Nd5 {amended 30 Jan 2016} 1-0

[Event "Tradewise Gibraltar Masters 14th"]
[Site "Gibraltar"]
[Date "2016.01.29"]
[Round "4.34"]
[White "Shvayger, Yuliya"]
[Black "Perez Ponsa, Federico"]
[Result "1/2-1/2"]
[WhiteElo "2381"]
[BlackElo "2577"]
[PlyCount "62"]
[EventDate "2016.01.26"]
[EventType "swiss"]
[EventRounds "10"]
[EventCountry "GGB"]
[Source "www.saund.co.uk"]
[SourceDate "2005.02.07"]

1. e4 c5 2. Nf3 e6 3. c4 Nc6 4. Nc3 Nd4 5. Bd3 Ne7 6. b3 Nec6 7. Bb2 b6 8. O-O
Bb7 9. Nb5 Nxf3+ 10. Qxf3 a6 11. Na3 Qc7 12. Qe3 O-O-O 13. f4 f6 14. Nc2 Bd6
15. Rae1 e5 16. f5 Nd4 17. Qf2 Rhg8 18. Ne3 g6 19. Qh4 g5 20. Qh6 Be7 21. Qxh7
d5 22. Nxd5 Bxd5 23. cxd5 c4 24. Bxd4 exd4 25. d6 Qxd6 26. Bxc4 Rh8 27. e5 Rxh7
28. exd6 Bxd6 29. Bxa6+ Kb8 30. g3 Ra7 31. Bc4 Rxa2 1/2-1/2

[Event "Tradewise Gibraltar Masters 14th"]
[Site "Gibraltar"]
[Date "2016.01.29"]
[Round "4.35"]
[White "Gulamali, Kazim"]
[Black "Tari, Aryan"]
[Result "0-1"]
[WhiteElo "2379"]
[BlackElo "2556"]
[PlyCount "64"]
[EventDate "2016.01.26"]
[EventType "swiss"]
[EventRounds "10"]
[EventCountry "GGB"]
[Source "www.saund.co.uk"]
[SourceDate "2005.02.07"]

1. d4 Nf6 2. c4 g6 3. f3 d5 4. cxd5 Nxd5 5. e4 Nb6 6. Nc3 Bg7 7. Be3 O-O 8. Qd2
Nc6 9. O-O-O Qd6 10. Nb5 Qd7 11. f4 Qe6 12. Nc3 Nc4 13. Qe2 N6a5 14. Nf3 c5 15.
Bf2 b5 16. Nd5 Bb7 17. b3 Na3 18. Ng5 Qa6 19. dxc5 Bxd5 20. Rxd5 Rad8 21. Qd2
Qf6 22. e5 Qf5 23. Rd3 N5c4 24. bxc4 bxc4 25. g4 Rb8 26. Qc3 Qxg4 27. Rf3 Rb1+
28. Kd2 Rd8+ 29. Ke3 Qd7 30. Rg3 Qa4 31. Ke2 Qd1+ 32. Ke3 Nc2+ 0-1

[Event "Tradewise Gibraltar Masters 14th"]
[Site "Gibraltar"]
[Date "2016.01.29"]
[Round "4.36"]
[White "Kosteniuk, Alexandra"]
[Black "Codenotti, Marco"]
[Result "1/2-1/2"]
[WhiteElo "2550"]
[BlackElo "2406"]
[PlyCount "172"]
[EventDate "2016.01.26"]
[EventType "swiss"]
[EventRounds "10"]
[EventCountry "GGB"]
[Source "www.saund.co.uk"]
[SourceDate "2005.02.07"]

1. e4 e5 2. Nf3 Nc6 3. Bb5 Nf6 4. O-O Nxe4 5. d4 Nd6 6. Bxc6 dxc6 7. dxe5 Nf5
8. Qxd8+ Kxd8 9. Rd1+ Ke8 10. Nc3 Ne7 11. h3 Ng6 12. b3 Bf5 13. Nd4 Bd7 14. f4
Rd8 15. Be3 h5 16. a4 Bc5 17. Ne4 Bxd4 18. Rxd4 Bf5 19. Rxd8+ Kxd8 20. Ng5 Kc8
21. Nxf7 Rf8 22. Ng5 Bxc2 23. Ne6 Rf7 24. Nd4 Be4 25. Rf1 Nh4 26. e6 Rf6 27.
Rd1 Bd5 28. g4 hxg4 29. hxg4 Bxe6 30. Nxe6 Rxe6 31. Kf2 g5 32. f5 Nxf5 33. gxf5
Rf6 34. Kf3 Rxf5+ 35. Ke4 Rf8 36. Bxg5 a5 37. Rh1 Rg8 38. Kf5 Rf8+ 39. Bf6 b6
40. Rh7 Kb7 41. Re7 Rd8 42. Re3 Rd1 43. Be5 Rh1 44. Rg3 Rh7 45. Ke6 Ka6 46. Bf6
Kb7 47. Bg7 Kc8 48. Bf8 Kb7 49. Rf3 Rh1 50. Bg7 Re1+ 51. Be5 Rh1 52. Rg3 Rh7
53. Rg8 Rh6+ 54. Kd7 Rh7+ 55. Kd8 Rh3 56. Bg3 Rh7 57. Ke8 Ka6 58. Bf4 Kb7 59.
Be5 Rh5 60. Bg3 Rh7 61. Kd8 Rf7 62. Be5 Rf5 63. Re8 Rf7 64. Re6 Rh7 65. Ke8 Rh3
66. Re7 Rxb3 67. Rxc7+ Ka6 68. Bd6 Rb4 69. Kd7 Rxa4 70. Rxc6 Kb5 71. Rc1 Rc4
72. Rb1+ Ka6 73. Ke6 b5 74. Kd5 Rc8 75. Ra1 Kb6 76. Rg1 b4 77. Rg7 Rc2 78. Be5
b3 79. Bd4+ Kb5 80. Rb7+ Ka4 81. Bc5 b2 82. Kd4 Rxc5 83. Kxc5 Ka3 84. Kc4 Ka2
85. Kc3 b1=Q 86. Rxb1 Kxb1 1/2-1/2

[Event "Tradewise Gibraltar Masters 14th"]
[Site "Gibraltar"]
[Date "2016.01.29"]
[Round "4.37"]
[White "Demuth, Adrien"]
[Black "Galinsky, Timofey"]
[Result "1-0"]
[WhiteElo "2535"]
[BlackElo "2379"]
[PlyCount "75"]
[EventDate "2016.01.26"]
[EventType "swiss"]
[EventRounds "10"]
[EventCountry "GGB"]
[Source "www.saund.co.uk"]
[SourceDate "2005.02.07"]

1. c4 e6 2. Nf3 d5 3. g3 dxc4 4. Na3 Nf6 5. Bg2 Bxa3 6. bxa3 b5 7. Ng5 c6 8.
Bb2 Bb7 9. Qc2 Nbd7 10. a4 a6 11. axb5 axb5 12. a4 Nc5 13. O-O Nxa4 14. Ba3 Qc7
15. Rfb1 h6 16. Ne4 Nxe4 17. Qxe4 Rd8 18. Bb4 Ba8 19. Rxa4 bxa4 20. Bc5 Qd7 21.
Qxc4 f6 22. d4 Kf7 23. f4 g6 24. Bf3 Rb8 25. Ra1 Bb7 26. h4 h5 27. Rxa4 Ra8 28.
Rb4 Ba6 29. Qc2 Rhb8 30. Rxb8 Rxb8 31. Bxh5 f5 32. Bf3 Qb7 33. Kf2 Qb5 34. Qd2
Rh8 35. Qe3 Qb8 36. Bxc6 Bc4 37. d5 Rd8 38. Qxe6+ 1-0

[Event "Tradewise Gibraltar Masters 14th"]
[Site "Gibraltar"]
[Date "2016.01.29"]
[Round "4.38"]
[White "Al-Sayed, Mohammed"]
[Black "Gaponenko, Inna"]
[Result "1/2-1/2"]
[WhiteElo "2530"]
[BlackElo "2393"]
[PlyCount "87"]
[EventDate "2016.01.26"]
[EventType "swiss"]
[EventRounds "10"]
[EventCountry "GGB"]
[Source "www.saund.co.uk"]
[SourceDate "2005.02.07"]

1. d4 d5 2. c4 e6 3. Nc3 c6 4. e3 Nf6 5. Nf3 Nbd7 6. Qc2 Bd6 7. Bd3 O-O 8. O-O
e5 9. cxd5 cxd5 10. e4 exd4 11. Nxd5 Nxd5 12. exd5 h6 13. Nxd4 Qh4 14. Nf3 Qh5
15. Bh7+ Kh8 16. Qf5 Qxf5 17. Bxf5 Nf6 18. Bxc8 Rfxc8 19. Rd1 Rd8 20. Be3 Be7
21. d6 Rxd6 22. Rxd6 Bxd6 23. Rd1 Ne8 24. Kf1 a6 25. Nd4 Bc5 26. Nf5 Bxe3 27.
fxe3 Nf6 28. Nd6 Kh7 29. Ke2 Kg6 30. a4 Rd8 31. a5 Ne8 32. Nxb7 Rb8 33. Rd7 Nf6
34. Rc7 Nd5 35. Rc6+ f6 36. Nd6 Rxb2+ 37. Kf3 Ra2 38. Rxa6 Nb4 39. Rb6 Nd3 40.
Nb7 Ne5+ 41. Kg3 Nc4 42. Re6 Ra3 43. Kf4 Nxa5 44. Nxa5 1/2-1/2

[Event "Tradewise Gibraltar Masters 14th"]
[Site "Gibraltar"]
[Date "2016.01.29"]
[Round "4.39"]
[White "Herman, Matthew J"]
[Black "Vishnu, Prasanna. V"]
[Result "0-1"]
[WhiteElo "2370"]
[BlackElo "2518"]
[PlyCount "102"]
[EventDate "2016.01.26"]
[EventType "swiss"]
[EventRounds "10"]
[EventCountry "GGB"]
[Source "www.saund.co.uk"]
[SourceDate "2005.02.07"]

1. e4 c5 2. Nf3 d6 3. d4 cxd4 4. Nxd4 Nf6 5. Nc3 a6 6. h3 e6 7. g4 Be7 8. Bg2
Nfd7 9. O-O Nc6 10. Nce2 Qc7 11. c3 O-O 12. Qd3 Re8 13. Qg3 Rb8 14. g5 Bf8 15.
h4 b5 16. Bd2 Bb7 17. Rae1 Nce5 18. b3 Nc5 19. Nf4 g6 20. h5 Rbd8 21. hxg6 hxg6
22. Qh4 Bg7 23. Re3 Qd7 24. Rfe1 d5 25. exd5 exd5 26. Rh3 Ne4 27. Bc1 f5 28.
gxf6 Bxf6 29. Qh6 Kf7 30. Qh7+ Bg7 31. Nf3 Qg4 32. Nxe5+ Rxe5 33. Nxg6 Re6 34.
Rf3+ Qxf3 35. Bxf3 Rxg6+ 36. Kf1 Rh8 37. Qxh8 Bxh8 38. Bh5 Bxc3 39. Re3 d4 40.
Rh3 Nf6 41. Bxg6+ Kxg6 42. Ke2 b4 43. f3 Bc6 44. Rg3+ Kf7 45. a3 Bb5+ 46. Kd1
bxa3 47. Bxa3 Nd5 48. Bc1 Ne3+ 49. Bxe3 dxe3 50. Rg2 Kf6 51. Kc2 Bb4 0-1

[Event "Tradewise Gibraltar Masters 14th"]
[Site "Gibraltar"]
[Date "2016.01.29"]
[Round "4.40"]
[White "Pichot, Alan"]
[Black "Christiansen, Johan-Sebastian"]
[Result "0-1"]
[WhiteElo "2517"]
[BlackElo "2374"]
[PlyCount "116"]
[EventDate "2016.01.26"]
[EventType "swiss"]
[EventRounds "10"]
[EventCountry "GGB"]
[Source "www.saund.co.uk"]
[SourceDate "2005.02.07"]

1. e4 c5 2. Nf3 d6 3. d4 cxd4 4. Nxd4 Nf6 5. f3 e5 6. Nb3 d5 7. Bg5 Be6 8. Bxf6
gxf6 9. exd5 Bxd5 10. Nc3 Bb4 11. Qd3 Nc6 12. O-O-O Be6 13. Qe4 Qe7 14. Bb5 Kf8
15. Nd5 Bxd5 16. Rxd5 a6 17. Bc4 Rd8 18. Rhd1 Bd6 19. c3 h5 20. Qf5 b5 21. Be2
Kg7 22. g4 h4 23. Bd3 Qa7 24. g5 Qe3+ 25. Kc2 fxg5 26. Qe4 Qxe4 27. Bxe4 Rh6
28. R5d2 Ne7 29. Na5 Nc8 30. c4 Rf8 31. a3 Bc7 32. Nb7 Nb6 33. Rg1 Nxc4 34. Rd7
Bb6 35. Rxg5+ Kh8 36. Bd5 Ne3+ 37. Kd3 f6 38. Rg4 Nxg4 39. fxg4 Rh7 40. Rd6 Bd4
41. Rxa6 h3 42. Nd6 Bg1 43. Ne4 Rd7 44. Nxf6 Rdd8 45. Ke4 Bxh2 46. g5 Bf4 47.
Ra7 Rxf6 48. gxf6 Rxd5 49. Ra8+ Kh7 50. f7 Bh6 51. f8=Q Bxf8 52. Rxf8 h2 53.
Rf1 Rd2 54. b3 Kg6 55. a4 bxa4 56. bxa4 Kg5 57. Kxe5 Kg4 58. Ke4 Kg3 0-1

[Event "Tradewise Gibraltar Masters 14th"]
[Site "Gibraltar"]
[Date "2016.01.29"]
[Round "4.41"]
[White "Bai, Jinshi"]
[Black "Quillan, Gary"]
[Result "1-0"]
[WhiteElo "2507"]
[BlackElo "2369"]
[PlyCount "63"]
[EventDate "2016.01.26"]
[EventType "swiss"]
[EventRounds "10"]
[EventCountry "GGB"]
[Source "www.saund.co.uk"]
[SourceDate "2005.02.07"]

1. d4 e6 2. c4 Nf6 3. Nf3 c5 4. d5 exd5 5. cxd5 d6 6. Nc3 g6 7. Bf4 a6 8. a4
Bg7 9. h3 O-O 10. e3 Qe7 11. Be2 Nbd7 12. O-O Rb8 13. Re1 Ne8 14. Bf1 Nc7 15.
e4 Ne5 16. Nxe5 Bxe5 17. Bxe5 Qxe5 18. Qd2 g5 19. b4 cxb4 20. Nd1 Bd7 21. Nb2
b5 22. Nd3 Qg7 23. Qxb4 Qh6 24. a5 f5 25. Rac1 Rb7 26. e5 Nxd5 27. Qd4 Be6 28.
exd6 Rbf7 29. d7 Rxd7 30. Nc5 Nf6 31. Nxd7 Bxd7 32. Re7 1-0

[Event "Tradewise Gibraltar Masters 14th"]
[Site "Gibraltar"]
[Date "2016.01.29"]
[Round "4.42"]
[White "Kavutskiy, Konstantin"]
[Black "Gunina, Valentina"]
[Result "0-1"]
[WhiteElo "2360"]
[BlackElo "2496"]
[PlyCount "102"]
[EventDate "2016.01.26"]
[EventType "swiss"]
[EventRounds "10"]
[EventCountry "GGB"]
[Source "www.saund.co.uk"]
[SourceDate "2005.02.07"]

1. e4 c6 2. Nc3 d5 3. Nf3 Bg4 4. h3 Bxf3 5. Qxf3 e6 6. d3 Nf6 7. Bd2 Nbd7 8. g4
d4 9. Ne2 Qb6 10. O-O-O Bb4 11. g5 Bxd2+ 12. Rxd2 Ng8 13. h4 Ne7 14. Rd1 a5 15.
h5 a4 16. Bh3 Ra5 17. Rdg1 Rb5 18. b3 Ne5 19. Qg3 Qc5 20. Kd1 axb3 21. axb3 Ra5
22. Nc1 Ra1 23. f4 Nd7 24. Bg4 Kd8 25. Qh2 Kc7 26. Qd2 Rha8 27. Ke2 Rb1 28. Kf3
Rb2 29. Rh2 h6 30. Kg3 hxg5 31. fxg5 f5 32. exf5 exf5 33. Qf4+ Kb6 34. Bf3 Re8
35. Ne2 Rxc2 36. Nxd4 Rxh2 37. Kxh2 Nd5 38. b4 Nxb4 39. Rb1 Ne5 40. Be2 Ka7 41.
Rc1 Qb6 42. Nxf5 Nd5 43. Qf1 Rf8 44. Rb1 Qc7 45. Kh1 Kb8 46. d4 Qd7 47. dxe5
Rxf5 48. Qh3 Nf4 49. Qg4 Nxe2 50. Qxe2 Rxg5 51. Qf3 Rf5 0-1

[Event "Tradewise Gibraltar Masters 14th"]
[Site "Gibraltar"]
[Date "2016.01.29"]
[Round "4.43"]
[White "Blomqvist, Erik"]
[Black "Siva, Mahadevan"]
[Result "0-1"]
[WhiteElo "2492"]
[BlackElo "2370"]
[PlyCount "90"]
[EventDate "2016.01.26"]
[EventType "swiss"]
[EventRounds "10"]
[EventCountry "GGB"]
[Source "www.saund.co.uk"]
[SourceDate "2005.02.07"]

1. e4 c5 2. Nf3 d6 3. d4 cxd4 4. Nxd4 Nf6 5. Nc3 Nc6 6. Bg5 e6 7. Qd2 a6 8.
O-O-O h6 9. Nxc6 bxc6 10. Bf4 d5 11. Qe3 Bb4 12. a3 Ba5 13. Be2 O-O 14. e5 Nd7
15. Qg3 Bc7 16. Rhe1 f5 17. Bh5 Kh8 18. Bg6 Qe7 19. h4 Rg8 20. Na4 c5 21. Qe3
Qf8 22. c4 d4 23. Qf3 Ra7 24. Qc6 Qe7 25. g3 Rd8 26. b3 Bb8 27. Qh1 Bb7 28. f3
Nf8 29. h5 Bc6 30. Nb2 Rb7 31. Kc2 Bc7 32. Nd3 Ba5 33. Rf1 Rdb8 34. Rb1 Nd7 35.
Qg2 Nb6 36. Nb2 Bc3 37. Bc1 a5 38. g4 a4 39. gxf5 axb3+ 40. Kd3 exf5 41. Bxf5
Nd7 42. e6 Qf6 43. Be4 Qxe6 44. Bf4 Rf8 45. Qg6 Qxg6 0-1

[Event "Tradewise Gibraltar Masters 14th"]
[Site "Gibraltar"]
[Date "2016.01.29"]
[Round "4.44"]
[White "Ly, Moulthun"]
[Black "Bitensky, Igor"]
[Result "1-0"]
[WhiteElo "2474"]
[BlackElo "2362"]
[PlyCount "125"]
[EventDate "2016.01.26"]
[EventType "swiss"]
[EventRounds "10"]
[EventCountry "GGB"]
[Source "www.saund.co.uk"]
[SourceDate "2005.02.07"]

1. d4 Nf6 2. c4 g6 3. Nc3 Bg7 4. e4 d6 5. Nf3 O-O 6. h3 Na6 7. Be3 e5 8. d5 Nh5
9. g3 f5 10. exf5 gxf5 11. Ng5 Qe8 12. Be2 Nf6 13. Qc2 e4 14. O-O-O h6 15. Ne6
Bxe6 16. dxe6 Qxe6 17. g4 Nb4 18. Qb3 Nd3+ 19. Bxd3 exd3 20. gxf5 Qxf5 21. Rhg1
Kh8 22. Qxb7 Rg8 23. Qg2 Nd7 24. Qg4 Qxg4 25. hxg4 Ne5 26. b3 Nxg4 27. Rxg4
Bxc3 28. Rh4 Rg2 29. Rxh6+ Kg7 30. Rh3 d2+ 31. Kc2 Bb4 32. Rf3 Re8 33. Rf5 Kg6
34. Rb5 a5 35. Kb2 c6 36. Rb6 Rxe3 37. fxe3 Kf5 38. Rxc6 Ke4 39. a3 Bc5 40. Kc2
Kxe3 41. Ra6 Bxa3 42. Rxa5 Bc5 43. Ra8 Bb6 44. Re8+ Kd4 45. Rxd2+ Rxd2+ 46.
Kxd2 d5 47. cxd5 Kxd5 48. Rc8 Kd6 49. Rc4 Ba5+ 50. b4 Bb6 51. Kc3 Kd7 52. Kb3
Bc7 53. Ka4 Kc8 54. Kb5 Kb7 55. Rh4 Bd6 56. Rh6 Bf4 57. Rh7+ Ka8 58. Kc6 Bg3
59. b5 Be5 60. b6 Bb8 61. Rc7 Bxc7 62. bxc7 Ka7 63. c8=R 1-0

[Event "Tradewise Gibraltar Masters 14th"]
[Site "Gibraltar"]
[Date "2016.01.29"]
[Round "4.45"]
[White "Wemmers, Xander"]
[Black "Prasanna, Raghuram Rao"]
[Result "1/2-1/2"]
[WhiteElo "2352"]
[BlackElo "2460"]
[PlyCount "97"]
[EventDate "2016.01.26"]
[EventType "swiss"]
[EventRounds "10"]
[EventCountry "GGB"]
[Source "www.saund.co.uk"]
[SourceDate "2005.02.07"]

1. d4 f5 2. g3 Nf6 3. Bg2 g6 4. Nh3 d6 5. d5 c6 6. c4 e5 7. dxe6 Bxe6 8. b3 Bg7
9. Bb2 O-O 10. O-O Na6 11. Nd2 Nc5 12. Qc2 Qe7 13. Rad1 Rad8 14. b4 Ncd7 15.
Ng5 Ne5 16. Nxe6 Qxe6 17. a3 g5 18. c5 d5 19. Bxe5 Qxe5 20. Nf3 Qe4 21. Qa4
Qxe2 22. Qxa7 Qe7 23. b5 cxb5 24. Nd4 Qd7 25. Qb6 Rfe8 26. Nxb5 Qc6 27. Qxc6
bxc6 28. Nd4 Ne4 29. Nxc6 Rc8 30. Nb4 Rxc5 31. Rxd5 Rxd5 32. Nxd5 Bd4 33. Bxe4
Rxe4 34. Rd1 Kf7 35. Kf1 Bc5 36. Rd3 Ra4 37. Ne3 f4 38. gxf4 gxf4 39. Nc2 Rc4
40. Ne1 Ra4 41. Kg2 Bxa3 42. Rd5 Kg6 43. Kf3 Ra6 44. Ng2 Bd6 45. Nh4+ Kf6 46.
Kg4 f3 47. Kxf3 Bxh2 48. Rh5 Ra7 49. Kg2 1/2-1/2

[Event "Tradewise Gibraltar Masters 14th"]
[Site "Gibraltar"]
[Date "2016.01.29"]
[Round "4.46"]
[White "Vojinovic, Jovana"]
[Black "Krush, Irina"]
[Result "1/2-1/2"]
[WhiteElo "2352"]
[BlackElo "2458"]
[PlyCount "87"]
[EventDate "2016.01.26"]
[EventType "swiss"]
[EventRounds "10"]
[EventCountry "GGB"]
[Source "www.saund.co.uk"]
[SourceDate "2005.02.07"]

1. Nf3 d5 2. d4 Nf6 3. c4 dxc4 4. e3 b5 5. a4 b4 6. Bxc4 e6 7. a5 a6 8. Nbd2
Bb7 9. Qe2 c5 10. O-O Nbd7 11. e4 cxd4 12. e5 Nd5 13. Nb3 Nc5 14. Bg5 Qd7 15.
Nfxd4 Be7 16. Qg4 h5 17. Qh4 Rc8 18. Nf3 Rh6 19. Rac1 Rg6 20. Nxc5 Rxc5 21.
Bxe7 Nxe7 22. Qxh5 Rh6 23. Qg4 Rg6 24. Qf4 Nd5 25. Bxd5 Rxc1 26. Rxc1 Qxd5 27.
Kh1 Kf8 28. Qxb4+ Kg8 29. Qc3 Qe4 30. h3 Qe2 31. Qe3 Qxb2 32. Rd1 Bd5 33. Kh2
Bxf3 34. gxf3 Qb5 35. Ra1 Qd5 36. Ra4 Qb5 37. Ra1 Rh6 38. f4 Rg6 39. Qf3 Qc5
40. Rb1 Kh7 41. Rb8 Qd4 42. Rf8 Qc5 43. Rd8 Qc2 44. Rd1 1/2-1/2

[Event "Tradewise Gibraltar Masters 14th"]
[Site "Gibraltar"]
[Date "2016.01.29"]
[Round "4.47"]
[White "Pourkashiyan, Atousa"]
[Black "Tan, Justin"]
[Result "1/2-1/2"]
[WhiteElo "2338"]
[BlackElo "2446"]
[PlyCount "83"]
[EventDate "2016.01.26"]
[EventType "swiss"]
[EventRounds "10"]
[EventCountry "GGB"]
[Source "www.saund.co.uk"]
[SourceDate "2005.02.07"]

1. e4 e5 2. Nf3 Nc6 3. Bb5 a6 4. Ba4 Nf6 5. O-O Be7 6. Re1 b5 7. Bb3 d6 8. c3
O-O 9. h3 Nb8 10. d4 Nbd7 11. Nbd2 Bb7 12. Bc2 Re8 13. Nf1 Bf8 14. Ng3 g6 15.
a4 Nb6 16. a5 Nbd7 17. b4 Rc8 18. Bb2 Bg7 19. d5 Nf8 20. Bb3 c6 21. dxc6 Bxc6
22. c4 Ne6 23. Rc1 Qe7 24. Qd2 Red8 25. Qe3 h5 26. Qb6 Nd7 27. Qe3 Kh7 28. Qe2
Bh6 29. Rc3 Nf6 30. Bc1 Bf4 31. cxb5 Bxb5 32. Qb2 Kg8 33. Bxe6 Qxe6 34. Rxc8
Rxc8 35. Bxf4 exf4 36. Ne2 Bxe2 37. Qxe2 Qc4 38. Qd2 Nxe4 39. Qxf4 d5 40. Ne5
Qc7 41. f3 Nc3 42. Kh1 1/2-1/2

[Event "Tradewise Gibraltar Masters 14th"]
[Site "Gibraltar"]
[Date "2016.01.29"]
[Round "4.48"]
[White "Kelires, Andreas"]
[Black "Vuilleumier, Alexandre"]
[Result "1-0"]
[WhiteElo "2444"]
[BlackElo "2356"]
[PlyCount "65"]
[EventDate "2016.01.26"]
[EventType "swiss"]
[EventRounds "10"]
[EventCountry "GGB"]
[Source "www.saund.co.uk"]
[SourceDate "2005.02.07"]

1. d4 Nf6 2. c4 e6 3. g3 d5 4. Bg2 dxc4 5. Nf3 Nc6 6. Qa4 Bb4+ 7. Bd2 Bd6 8.
Na3 Ne4 9. Nxc4 Nxd2 10. Nfxd2 O-O 11. Bxc6 bxc6 12. Rc1 c5 13. Nxd6 cxd6 14.
dxc5 dxc5 15. Nc4 Bb7 16. O-O Qd5 17. f3 Qd4+ 18. Kg2 Bd5 19. Rfd1 Qf6 20. b3
g5 21. Ne3 Qe5 22. Kf2 Rac8 23. Qa5 Ba8 24. b4 f5 25. Rxc5 Qf6 26. Rxc8 Rxc8
27. Qxa7 g4 28. Qd7 Rb8 29. Rd6 gxf3 30. Qxe6+ Qxe6 31. Rxe6 fxe2 32. Nxf5 Bh1
33. a3 1-0

[Event "Tradewise Gibraltar Masters 14th"]
[Site "Gibraltar"]
[Date "2016.01.29"]
[Round "4.49"]
[White "Shytaj, Luca"]
[Black "Arakhamia-Grant, Ketevan"]
[Result "1-0"]
[WhiteElo "2443"]
[BlackElo "2346"]
[PlyCount "85"]
[EventDate "2016.01.26"]
[EventType "swiss"]
[EventRounds "10"]
[EventCountry "GGB"]
[Source "www.saund.co.uk"]
[SourceDate "2005.02.07"]

1. e4 c5 2. Nf3 e6 3. d4 cxd4 4. Nxd4 Nf6 5. Nc3 d6 6. Bc4 Be7 7. O-O O-O 8.
Bb3 Na6 9. f4 Nc5 10. Qf3 a6 11. f5 Nxb3 12. axb3 Bd7 13. g4 h6 14. g5 hxg5 15.
Bxg5 Nh7 16. Bxe7 Qxe7 17. Qg3 Kh8 18. Rf4 g5 19. Rf2 Rg8 20. Raf1 e5 21. f6
Qd8 22. Nf5 Bxf5 23. Rxf5 Rc8 24. R1f2 Qa5 25. Kg2 Rg6 26. Nd5 Rh6 27. Ne7 Rd8
28. Qe3 Rh4 29. R5f3 Qc5 30. Qd3 Rf4 31. Nd5 Rg4+ 32. Rg3 Rh4 33. Rh3 Qc8 34.
Rf5 Rxh3 35. Kxh3 Qc5 36. Kg2 Rc8 37. c3 Qb5 38. Qd1 Rg8 39. Ne7 Rd8 40. Rf3
Qd7 41. Rh3 g4 42. Rxh7+ Kxh7 43. Qe1 1-0

[Event "Tradewise Gibraltar Masters 14th"]
[Site "Gibraltar"]
[Date "2016.01.29"]
[Round "4.50"]
[White "Almagro Llamas, Pablo"]
[Black "Perez Garcia, Rodney Oscar"]
[Result "1-0"]
[WhiteElo "2429"]
[BlackElo "2332"]
[PlyCount "107"]
[EventDate "2016.01.26"]
[EventType "swiss"]
[EventRounds "10"]
[EventCountry "GGB"]
[Source "www.saund.co.uk"]
[SourceDate "2005.02.07"]

1. d4 d5 2. c4 c6 3. Nf3 Nf6 4. Nc3 a6 5. cxd5 cxd5 6. Bf4 Nc6 7. e3 Bg4 8. Be2
e6 9. O-O Bd6 10. Bxd6 Qxd6 11. Rc1 O-O 12. Na4 Bxf3 13. Bxf3 e5 14. dxe5 Nxe5
15. Be2 Rac8 16. Qd4 b5 17. Nc5 Rc7 18. Nb3 Rfc8 19. Rxc7 Rxc7 20. Rc1 Rxc1+
21. Nxc1 Qc7 22. Nb3 Ned7 23. Qd1 g6 24. Qc1 Qxc1+ 25. Nxc1 Kf8 26. f3 Ke7 27.
Kf2 Kd6 28. h4 Ne5 29. g4 h6 30. g5 hxg5 31. hxg5 Nfd7 32. f4 Nc4 33. b3 Nd2
34. Bd3 Ne4+ 35. Ke2 Kc5 36. a3 a5 37. b4+ axb4 38. Nb3+ Kb6 39. Bxe4 dxe4 40.
axb4 Nb8 41. Kd2 Na6 42. Kc3 Kc6 43. Nd4+ Kb6 44. Nc2 Kc6 45. Kd4 Kd6 46. Kxe4
Nb8 47. Kd3 Nc6 48. e4 Kd7 49. Kc3 Kd6 50. Nd4 Na7 51. Kd3 Kc7 52. e5 Kb6 53.
Ke4 Nc8 54. Kd5 1-0

[Event "Tradewise Gibraltar Masters 14th"]
[Site "Gibraltar"]
[Date "2016.01.29"]
[Round "4.51"]
[White "Pinho, Paulo"]
[Black "Padmini, Rout"]
[Result "0-1"]
[WhiteElo "2197"]
[BlackElo "2427"]
[PlyCount "54"]
[EventDate "2016.01.26"]
[EventType "swiss"]
[EventRounds "10"]
[EventCountry "GGB"]
[Source "www.saund.co.uk"]
[SourceDate "2005.02.07"]

1. d4 Nf6 2. c4 g6 3. Nc3 d5 4. Bf4 Bg7 5. Rc1 Nh5 6. Bd2 c5 7. cxd5 cxd4 8.
Nb5 Na6 9. Nxd4 O-O 10. Ngf3 Qxd5 11. e3 Bd7 12. Bc4 Qd6 13. O-O Nf6 14. Qb3
Nc5 15. Qa3 Nfe4 16. Bb4 Rfc8 17. Nb3 b6 18. Rfd1 Qc7 19. Bd5 Bc6 20. Bxc5 Bxd5
21. Bxe7 Qb7 22. Rxc8+ Rxc8 23. Bh4 g5 24. Bxg5 Nxg5 25. Nxg5 Bxg2 26. Qa4 h6
27. Nxf7 Bh3 0-1

[Event "Tradewise Gibraltar Masters 14th"]
[Site "Gibraltar"]
[Date "2016.01.29"]
[Round "4.52"]
[White "Baert, Andy"]
[Black "Libiszewski, Fabien"]
[Result "0-1"]
[WhiteElo "2184"]
[BlackElo "2515"]
[PlyCount "63"]
[EventDate "2016.01.26"]
[EventType "swiss"]
[EventRounds "10"]
[EventCountry "GGB"]
[Source "www.saund.co.uk"]
[SourceDate "2005.02.07"]

1. d4 Nf6 2. c4 g6 3. Nc3 Bg7 4. e4 d6 5. Nf3 O-O 6. Be2 Nbd7 7. O-O e5 8. Be3
Qe7 9. dxe5 dxe5 10. Nd5 Qd8 11. Qc2 Nh5 12. Rfd1 c6 13. Nc3 Qe7 14. Bf1 Nc5
15. h3 Ne6 16. g3 f5 17. exf5 gxf5 18. Bd3 e4 19. Nxe4 fxe4 20. Bxe4 Nf6 21.
Bd3 Nc5 22. Bf1 Nfe4 23. Qe2 Qf6 24. Nd4 Bd7 25. Bg2 Rae8 26. Rac1 a5 27. Rc2
Bc8 28. b3 Qg6 29. Qe1 Nxg3 30. fxg3 Bxd4 31. Rxd4 Qxc2 32. Qxa5 0-1